ბათუმის შოთა რუსთაველის სახელმწიფო უნივერსიტეტის ბიბლიოთეკა

Histoire de la cartographie (ბიბ.ჩანაწერი № 60574)

000 -LEADER
fixed length control field 00462nam a22001577a 4500
005 - DATE AND TIME OF LATEST TRANSACTION
control field 20230908153303.0
008 - FIXED-LENGTH DATA ELEMENTS--GENERAL INFORMATION
fixed length control field 230908s1959 fr ||||| |||| 00| 0 fre d
041 ## - LANGUAGE CODE
Language code of text/sound track or separate title fre
080 ## - UNIVERSAL DECIMAL CLASSIFICATION NUMBER
Universal Decimal Classification number 912(09) L-66
100 ## - MAIN ENTRY--PERSONAL NAME
Personal name Libault André
9 (RLIN) 19790
245 ## - TITLE STATEMENT
Title Histoire de la cartographie
Statement of responsibility, etc. André, Libault.
264 ## - PRODUCTION, PUBLICATION, DISTRIBUTION, MANUFACTURE, AND COPYRIGHT NOTICE
Place of production, publication, distribution, manufacture Pariz:
Name of producer, publisher, distributor, manufacturer Chaix,
Date of production, publication, distribution, manufacture, or copyright notice 1959.
300 ## - PHYSICAL DESCRIPTION
Extent 86 p.:
Other physical details ill.:
Dimensions 27 cm.
653 ## - INDEX TERM--UNCONTROLLED
keyword კარტოგრაფიის ისტორია
942 ## - ADDED ENTRY ELEMENTS (KOHA)
Source of classification or shelving scheme
Koha item type შერეული მასალები
ეგზემპლარები
Withdrawn status Lost status Source of classification or shelving scheme Damaged status Not for loan Permanent Location Current Location Shelving location Date acquired Cost, normal purchase price Full call number Barcode Date last seen Copy number Price effective from Koha item type Public note
          ბათუმის შოთა რუსთაველის სახელმწიფო უნივერსიტეტის მთავარი ბიბლიოთეკა ბათუმის შოთა რუსთაველის სახელმწიფო უნივერსიტეტის მთავარი ბიბლიოთეკა წიგნსაცავი 2023-09-08 5.00 912(09) L-66 65183 2023-09-08 65183 2023-09-08 წიგნი 5 ლ.